| 000 | 00457nam a2200181Ia 4500 | ||
|---|---|---|---|
| 005 | 20250603145622.0 | ||
| 008 | 250603s9999 xx 000 0 und d | ||
| 020 | _a9781138592681 | ||
| 050 | _aRA 418 .P83/ | ||
| 100 | _aEdited by Monika Arora and Shifalika Goenka | ||
| 245 | 0 | _aPublic health approach to health promotion | |
| 260 | _aBoca Raton | ||
| 260 | _bCRC Press | ||
| 260 | _c2024 | ||
| 300 | _a239 p | ||
| 650 | _aBoca Raton | ||
| 942 | _cBK | ||
| 999 |
_c42366 _d42366 |
||